[Event "Toronto NAYCC U10"]
[Site "Toronto"]
[Date "2013.08.16"]
[Round "5"]
[White "Zheng, Ethan"]
[Black "Landa, Tamir"]
[Result "1-0"]
[WhiteElo "1237"]
[BlackElo "833"]
[PlyCount "105"]
[EventDate "2013.08.14"]
[EventType "swiss"]
[EventRounds "9"]
[EventCountry "CAN"]
[SourceTitle "EXT 2022"]
[Source "ChessBase"]
[SourceDate "2021.10.06"]
[SourceVersion "1"]
[SourceVersionDate "2021.10.06"]
[SourceQuality "1"]

1. d4 Nf6 2. c4 g6 3. Nc3 Bg7 4. e4 d6 5. Nf3 Bg4 6. h3 Bxf3 7. Qxf3 Nbd7 8. Be2 e5 9. dxe5 Nxe5 10. Qe3 c6 11. f4 Ned7 12. 0-0 0-0 13. Bd2 Re8 14. Rad1 Qc7 15. Bf3 a5 16. Qe1 Nc5 17. b3 Qb6 18. Be3 Nfd7 19. Rxd6 Qc7 20. Rd1 Re7 21. Qf2 b6 22. Qd2 Rae8 23. e5 Nxe5 24. fxe5 Qxe5 25. Bd4 Qc7 26. Bxg7 Kxg7 27. Qd6 Rd7 28. Qxc7 Rxc7 29. Rfe1 Rec8 30. Ne4 Ne6 31. Kf2 f5 32. Nd6 Ng5 33. Nxc8 Nxf3 34. Kxf3 Rxc8 35. Re7+ Kf6 36. Rxh7 Ke5 37. Re7+ Kf6 38. Rb7 b5 39. Rdd7 bxc4 40. bxc4 Re8 41. Rdc7 Re6 42. Rb6 a4 43. Rcxc6 Rxc6 44. Rxc6+ Ke5 45. Rxg6 Kd4 46. h4 Kxc4 47. h5 Kc3 48. h6 Kb2 49. h7 Kxa2 50. h8Q Kb3 51. Qb8+ Kc3 52. Rc6+ Kd4 53. Qd6# 1-0

[Event "Toronto NAYCC U10"]
[Site "Toronto"]
[Date "2013.08.15"]
[Round "3"]
[White "Zheng, Ethan"]
[Black "Tang, Daniel"]
[Result "1-0"]
[WhiteElo "1237"]
[BlackElo "933"]
[PlyCount "103"]
[EventDate "2013.08.14"]
[EventType "swiss"]
[EventRounds "9"]
[EventCountry "CAN"]
[SourceTitle "EXT 2022"]
[Source "ChessBase"]
[SourceDate "2021.10.06"]
[SourceVersion "1"]
[SourceVersionDate "2021.10.06"]
[SourceQuality "1"]

1. d4 d5 2. c4 f5 3. cxd5 Qxd5 4. Nc3 Qd8 5. Nf3 Nf6 6. Bf4 e6 7. e3 Bb4 8. Be2 a6 9. 0-0 Bxc3 10. bxc3 Nc6 11. Bd3 Bd7 12. Re1 Qe7 13. Bxc7 0-0 14. Bf4 Qa3 15. Qc2 Rac8 16. c4 Qb4 17. c5 b6 18. Bxa6 Ra8 19. Rab1 Qa3 20. Bb7 Nb4 21. Rxb4 Qxb4 22. Bxa8 Rxa8 23. Rb1 Qa3 24. cxb6 Qxa2 25. Qxa2 Rxa2 26. b7 Kf7 27. b8Q Rc2 28. Qb3 Rc8 29. Nh4 g6 30. Bg5 Nd5 31. Qb7 Ke8 32. Ra1 Rc7 33. Qb3 Kf7 34. f3 Rc3 35. Qb2 Bc8 36. e4 Rc7 37. exd5 exd5 38. Qb8 Rc2 39. Ra7+ Ke8 40. Qb5+ Kf8 41. Qxd5 Rc1+ 42. Bxc1 Ke8 43. Qe5+ Kf8 44. Ba3+ Kg8 45. d5 g5 46. d6 gxh4 47. Qd5+ Kf8 48. d7+ Kg7 49. d8N+ Kg6 50. Qf7+ Kg5 51. Bc1+ f4 52. Bxf4# 1-0